Music Quiz

Random Music or Song Quiz

Songs Covered by Pearl Jam Quiz Stats

 Plays Quiz not verified by Sporcle

Also try: Mary Poppins Songs
Challenge
Share
Tweet
Embed
Score 0/193 Timer 15:00
0 Plays Today
Cover Song % Correct
Rockin' in the Free World
71.1%
Hunger Strike
67.4%
Baba O'Riley
63.7%
****' Up
43%
American Pie
39.6%
Smells Like Teen Spirit
39.3%
Crazy Mary
35.2%
Sonic Reducer
34.8%
Another Brick in the Wall
32.2%
Last Kiss
32.2%
Love Reign O'er Me
32.2%
All Along the Watchtower
31.1%
I Believe in Miracles
30.7%
25 Minutes to Go
28.9%
The Real Me
28.9%
You've Got to Hide Your Love Away
27.8%
Harvest Moon
25.6%
I Won't Back Down
24.4%
Let My Love Open the Door
22.2%
Blitzkrieg Bop
21.9%
Masters of War
20.7%
The Needle and the Damage Done
20.7%
My Generation
20.4%
Save it For Later
19.3%
Whip It
19.3%
Fortunate Son
18.9%
Little Wing
18.9%
Highway to Hell
18.5%
The Kids are Alright
18.5%
Kick Out the Jams
18.1%
Can't Help Falling in Love
17.8%
Leaving Here
17.8%
School's Out
17.4%
I've Got a Feeling
16.7%
Surrender
16.7%
Redemption Song
16.3%
Beast of Burden
15.2%
Its OK
15.2%
No Woman No Cry
15.2%
Angie
14.8%
I Got You
14.4%
Beds Are Burning
14.1%
Chloe Dancer|Crown of Thorns
14.1%
I Am a Patriot
13.7%
Dock of the Bay
13%
Driven to Tears
13%
Roadhouse Blues
13%
Mother
12.6%
War
12.6%
Behind Blue Eyes
12.2%
The Boys are Back in Town
12.2%
Throw Your Arms Around Me
12.2%
Cinnamon Girl
11.5%
Interstellar Overdrive
11.1%
Gimme Some Truth
10.4%
Picture in a Frame
10.4%
Sweet Home Alabama
10.4%
Soldier of Love
10%
Black Diamond
9.6%
Cortez the Killer
9.3%
Hey Hey My My
9.3%
Sympathy for the Devil
9.3%
Bad
8.9%
Growin' Up
8.9%
The KKK Took My Baby Away
8.9%
Cover Song % Correct
American in Me
8.1%
Forever Young
8.1%
Here's to the State of Mississippi
8.1%
I Want You to Want Me
8.1%
Waiting on a Friend
8.1%
Trouble
7.8%
Gimme Shelter
7.4%
Hawaii '78
7.4%
History Never Repeats
7.4%
Know Your Rights
7.4%
My Sharona
7.4%
Girls Just Want to Have Fun
7%
Pushin' Forward Back
7%
Act of Love
6.7%
Atomic Dog
6.7%
Modern Girl
6.7%
Outshined
6.7%
Rain
6.7%
Baby Beluga
6.3%
Money
6.3%
Mountain Song
6.3%
My Heart Will Go On
6.3%
Wild Thing
6.3%
Don't Be Shy
5.9%
Song X
5.9%
The New World
5.9%
The Seeker
5.9%
Brass in Pocket
5.6%
I Wanna Be Your Boyfriend
5.6%
La Bamba
5.6%
Magic Bus
5.6%
Monkey Gone to Heaven
5.6%
Suggestion
5.6%
Blue Red and Grey
5.2%
Can't Explain
5.2%
People Have the Power
5.2%
Walking the Cow
5.2%
Why Can't I Touch It?
5.2%
Bleed For Me
4.8%
Fool in the Rain
4.8%
If You Want Blood
4.8%
Instant Karma
4.8%
Maggot Brain
4.8%
Three Little Birds
4.8%
Timeless Melody
4.8%
A Sort of Homecoming
4.4%
Across the Universe
4.4%
Fame
4.4%
Thank You
4.4%
Forever in Blue Jeans
4.1%
Jersey Girl
4.1%
Old Man
4.1%
Ruby Tuesday
4.1%
Candle in the Wind
3.7%
Give Peace a Chance
3.7%
Gremmie Out of Control
3.7%
No Surrender
3.7%
Roam
3.7%
So You Want to be a Rock and Roll Star
3.7%
Eleanor Rigby
3.3%
Golden State
3.3%
I'm One
3.3%
I've Just Seen a Face
3.3%
Window Paine
3.3%
With My Own Two Hands
3.3%
Cover Song % Correct
Dirty Deeds Done Dirt Cheap
3%
Don't Let Me Down
3%
Naked Eye
3%
Running Back to Saskatoon
3%
Sweet Emotion
3%
The Ship Song
3%
This Boy
3%
Bull in the Heather
2.6%
Little Sister
2.6%
Pulled Up
2.6%
Sleepless Nights
2.6%
Better Be Home Soon
2.2%
Daytime Dilemma
2.2%
I Must Not Think Bad Thoughts
2.2%
In the Mood
2.2%
Help Me Rhonda
1.9%
It Rains on Me
1.9%
Street Fighting Man
1.9%
Suck You Dry
1.9%
Suspicious Minds
1.9%
Beginning to See the Light
1.5%
Don't Believe in Christmas
1.5%
I'm a Boy
1.5%
I've Been Tired
1.5%
Love Me Two Times
1.5%
Yahweh
1.5%
Young Man Blues
1.5%
Dolly Dagger
1.1%
Dream Baby Dream
1.1%
Lion's Share
1.1%
Owner of a Lonely Heart
1.1%
Philadelphia Freedom
1.1%
Steppin' Stone
1.1%
Talk About the Passion
1.1%
Ain't Nothing to Do
0.7%
Beautiful Way
0.7%
Everday People
0.7%
I Just Want to Have Something to Do
0.7%
I Want to Live
0.7%
Institutionalized
0.7%
Noise of Carpet
0.7%
Sheraton Gibson
0.7%
Shower the People
0.7%
Someday at Christmas
0.7%
Star Boy
0.7%
Swallow My Pride
0.7%
The Wrong Child
0.7%
Time Bomb
0.7%
Androdgynous Mind
0.4%
Dueling Banjos
0.4%
Girl's Eyes
0.4%
Golden Years
0.4%
Guantanamera
0.4%
If I Can't Have You
0.4%
Not Given Lightly
0.4%
Olympic Platinum
0.4%
Don't Let the Sun Catch You Crying
0%
Love is Stranger Than Wiitchcraft
0%
Old Address of the Unknown
0%
Tearing
0%
Tonight's the Night
0%
Where Do the Children Play
0%
White Girl
0%

You're not logged in!

Compare scores with friends on all Sporcle quizzes.
Join for Free
OR
Log In

You Might Also Like...

Show Comments

Extras

Top Quizzes Today


Score Distribution

Your Account Isn't Verified!

In order to create a playlist on Sporcle, you need to verify the email address you used during registration. Go to your Sporcle Settings to finish the process.

Report this User

Report this user for behavior that violates our Community Guidelines.

Details: